Statistics for Dutch KNVB Cups Quiz

Click here to take the quiz!

General Stats

  • This quiz has been taken 26 times
  • The average score is 8 of 18

Answer Stats

KNVB CupsAnswer% Correct
19Ajax
100%
13Feyenoord
100%
9PSV
100%
3FC Twente
88%
4AZ
81%
3FC Utrecht
77%
3Sparta Rotterdam
62%
2Willem II
38%
2Roda JC
35%
2Fortuna ‘54
27%
2HFC Haarlem
12%
3Koninklijke HFC
12%
2HBS
8%
4H.V. Quick
8%
2RCH
4%
2DFC
0%
2VOC
0%
2WVV Wageningen
0%

Score Distribution

Percentile by Number Answered

Percent of People with Each Score

Your Score History

You have not taken this quiz